| 000 | 00549nam a22001817a 4500 | ||
|---|---|---|---|
| 005 | 20231123063536.0 | ||
| 008 | 231123b |||||||| |||| 00| 0 eng d | ||
| 020 | _a409067008 ; 409067016 | ||
| 041 | _aAfrikaans | ||
| 082 | _a342 WIE | ||
| 100 |
_aWiechers, M _lAfrikaans |
||
| 245 |
_aAdministratiefreg / _cM Wiechers |
||
| 250 | _aEerste Uitgawe | ||
| 260 |
_aDurban : _bButterworth en Kie (SA) Edms Bpk, _c1973 |
||
| 300 |
_bxxxii, 356 pages ; _c26 cm. |
||
| 650 |
_aLegal practice _bLaw |
||
| 942 |
_cBK _6ALISON_BN_VRIES |
||
| 999 |
_c865 _d865 |
||